<?xml version="1.0" encoding="UTF-8"?>
<record
    xmlns:xsi="http://www.w3.org/2001/XMLSchema-instance"
    xsi:schemaLocation="http://www.loc.gov/MARC21/slim http://www.loc.gov/standards/marcxml/schema/MARC21slim.xsd"
    xmlns="http://www.loc.gov/MARC21/slim">

  <leader>02276nam a2200313   4500</leader>
  <controlfield tag="001">227</controlfield>
  <controlfield tag="003">OSt</controlfield>
  <controlfield tag="005">20250528074015.0</controlfield>
  <controlfield tag="008">250204b        |||||||g |||| 00| 1 eng d</controlfield>
  <datafield tag="020" ind1=" " ind2=" ">
    <subfield code="a">9788599296141</subfield>
  </datafield>
  <datafield tag="040" ind1=" " ind2=" ">
    <subfield code="b">por</subfield>
  </datafield>
  <datafield tag="041" ind1=" " ind2=" ">
    <subfield code="h">eng</subfield>
    <subfield code="a">por</subfield>
  </datafield>
  <datafield tag="082" ind1=" " ind2=" ">
    <subfield code="a">813</subfield>
    <subfield code="b">E26g</subfield>
  </datafield>
  <datafield tag="100" ind1="1" ind2=" ">
    <subfield code="a">Edwards, Kim,</subfield>
    <subfield code="d">1958-</subfield>
    <subfield code="9">419</subfield>
  </datafield>
  <datafield tag="240" ind1=" " ind2=" ">
    <subfield code="a">The memory keeper&#xB4;s daughter</subfield>
  </datafield>
  <datafield tag="245" ind1=" " ind2=" ">
    <subfield code="a">O guardi&#xE3;o de mem&#xF3;rias /</subfield>
    <subfield code="c">Edwards, Kim ; Tradu&#xE7;&#xE3;o de Vera Ribeiro</subfield>
  </datafield>
  <datafield tag="260" ind1=" " ind2=" ">
    <subfield code="a">Rio de Janeiro</subfield>
    <subfield code="b">Sextante</subfield>
    <subfield code="c">2007</subfield>
  </datafield>
  <datafield tag="300" ind1=" " ind2=" ">
    <subfield code="a">361 p.</subfield>
  </datafield>
  <datafield tag="520" ind1=" " ind2=" ">
    <subfield code="a">Com mais de tr&#xEA;s milh&#xF5;es de exemplares vendidos nos Estados Unidos, O Guardi&#xE3;o de Mem&#xF3;rias &#xE9; uma fascinante hist&#xF3;ria sobre vidas paralelas, fam&#xED;lias separadas pelo destino, segredos do passado e o infinito poder do amor verdadeiro. Inverno de 1964. Uma violenta tempestade de neve obriga o Dr. David Henry a fazer o parto de seus filhos g&#xEA;meos. O menino, primeiro a nascer, &#xE9; perfeitamente saud&#xE1;vel, mas o m&#xE9;dico logo reconhece na menina sinais da s&#xED;ndrome de Down. Guiado por um impulso irrefre&#xE1;vel e por dolorosas lembran&#xE7;as do passado, Dr. Henry toma uma decis&#xE3;o que mudar&#xE1; para sempre a vida de todos e o assombrar&#xE1; at&#xE9; a morte: ele pede que sua enfermeira, Caroline, entregue a crian&#xE7;a para ado&#xE7;&#xE3;o e diz &#xE0; esposa que a menina n&#xE3;o sobreviveu. Tocada pela fragilidade do beb&#xEA;, Caroline decide sair da cidade e criar Phoebe como sua pr&#xF3;pria filha. E Norah, a m&#xE3;e, jamais consegue se recuperar do imenso vazio causado pela aus&#xEA;ncia da menina. A partir da&#xED;, uma intrincada trama de segredos, mentiras e trai&#xE7;&#xF5;es se desenrola, abrindo feridas que nem o tempo ser&#xE1; capaz de curar. A for&#xE7;a deste livro n&#xE3;o est&#xE1; apenas em sua constru&#xE7;&#xE3;o bem amarrada ou no realismo de seus personagens, mas, principalmente, na sua capacidade de envolver o leitor da primeira &#xE0; &#xFA;ltima p&#xE1;gina. Com uma trama tensa e cheia de surpresas, O Guardi&#xE3;o de Mem&#xF3;rias vai emocionar e mostrar o profundo - e &#xE0;s vezes irrevers&#xED;vel - poder de nossas escolhas.
</subfield>
  </datafield>
  <datafield tag="650" ind1=" " ind2="0">
    <subfield code="a">Literatura Americana</subfield>
    <subfield code="9">84</subfield>
  </datafield>
  <datafield tag="650" ind1=" " ind2="0">
    <subfield code="a">Drama</subfield>
    <subfield code="9">18</subfield>
  </datafield>
  <datafield tag="650" ind1=" " ind2="0">
    <subfield code="a">PCD</subfield>
    <subfield code="9">420</subfield>
  </datafield>
  <datafield tag="650" ind1=" " ind2="0">
    <subfield code="a">Supera&#xE7;&#xE3;o</subfield>
    <subfield code="9">27</subfield>
  </datafield>
  <datafield tag="650" ind1=" " ind2="0">
    <subfield code="a">Familia</subfield>
    <subfield code="9">35</subfield>
  </datafield>
  <datafield tag="655" ind1=" " ind2="0">
    <subfield code="a">Romance</subfield>
    <subfield code="9">23</subfield>
  </datafield>
  <datafield tag="655" ind1=" " ind2="0">
    <subfield code="a">Fic&#xE7;&#xE3;o </subfield>
    <subfield code="9">22</subfield>
  </datafield>
  <datafield tag="700" ind1=" " ind2=" ">
    <subfield code="a">Vera Ribeiro</subfield>
    <subfield code="e">Tradutor</subfield>
    <subfield code="9">421</subfield>
  </datafield>
  <datafield tag="942" ind1=" " ind2=" ">
    <subfield code="2">ddc</subfield>
    <subfield code="n">0</subfield>
    <subfield code="c">BK</subfield>
  </datafield>
  <datafield tag="952" ind1=" " ind2=" ">
    <subfield code="0">0</subfield>
    <subfield code="1">0</subfield>
    <subfield code="2">ddc</subfield>
    <subfield code="4">0</subfield>
    <subfield code="7">0</subfield>
    <subfield code="8">FIC</subfield>
    <subfield code="a">BIBIB</subfield>
    <subfield code="b">BIBIB</subfield>
    <subfield code="c">LE</subfield>
    <subfield code="d">2016-02-15</subfield>
    <subfield code="e">doa&#xE7;&#xE3;o</subfield>
    <subfield code="l">0</subfield>
    <subfield code="o">813 / E26g</subfield>
    <subfield code="p">2025-15126</subfield>
    <subfield code="r">2025-02-04 07:53:18</subfield>
    <subfield code="t">Ex. 01</subfield>
    <subfield code="w">2025-02-04</subfield>
    <subfield code="y">BK</subfield>
  </datafield>
  <datafield tag="952" ind1=" " ind2=" ">
    <subfield code="0">0</subfield>
    <subfield code="1">0</subfield>
    <subfield code="2">ddc</subfield>
    <subfield code="4">0</subfield>
    <subfield code="7">0</subfield>
    <subfield code="8">FIC</subfield>
    <subfield code="a">BIBIB</subfield>
    <subfield code="b">BIBIB</subfield>
    <subfield code="c">LE</subfield>
    <subfield code="d">2019-01-03</subfield>
    <subfield code="e">doa&#xE7;&#xE3;o</subfield>
    <subfield code="l">0</subfield>
    <subfield code="o">813 / E26g</subfield>
    <subfield code="p">2025-16287</subfield>
    <subfield code="r">2025-02-04 07:53:18</subfield>
    <subfield code="t">Ex. 02</subfield>
    <subfield code="w">2025-02-04</subfield>
    <subfield code="y">BK</subfield>
  </datafield>
  <datafield tag="952" ind1=" " ind2=" ">
    <subfield code="0">0</subfield>
    <subfield code="1">0</subfield>
    <subfield code="2">ddc</subfield>
    <subfield code="4">0</subfield>
    <subfield code="7">0</subfield>
    <subfield code="8">FIC</subfield>
    <subfield code="a">BIBIB</subfield>
    <subfield code="b">BIBIB</subfield>
    <subfield code="c">LE</subfield>
    <subfield code="d">2017-06-26</subfield>
    <subfield code="e">doa&#xE7;&#xE3;o</subfield>
    <subfield code="l">0</subfield>
    <subfield code="o">813 / E26g</subfield>
    <subfield code="p">2025-15690</subfield>
    <subfield code="r">2025-02-04 07:53:18</subfield>
    <subfield code="t">Ex. 03</subfield>
    <subfield code="w">2025-02-04</subfield>
    <subfield code="y">BK</subfield>
  </datafield>
  <datafield tag="999" ind1=" " ind2=" ">
    <subfield code="c">227</subfield>
    <subfield code="d">227</subfield>
  </datafield>
</record>
